logo

Bir Sreshtho Munshi Abdur Rouf Library
Jhenaidah Cadet College

A Passage to Freedom : (Record no. 7216)

MARC details
000 -LEADER
fixed length control field 00636nam a2200217 a 4500
001 - CONTROL NUMBER
JCCL Control Number 7216
003 - CONTROL NUMBER IDENTIFIER
JCCL marc code BD-JhCC
005 - DATE AND TIME OF LATEST TRANSACTION
control field 20190710134007.0
008 - FIXED-LENGTH DATA ELEMENTS--GENERAL INFORMATION
fixed length control field 180206s2009 bg a|||| || | 001 0 eng d
035 ## - SYSTEM CONTROL NUMBER
system control number (BD-JhCC)7216
040 ## - CATALOGING SOURCE
Original cataloging agency BD-JhCC
Modifying agency BD-JhCC
041 ## - LANGUAGE CODE
Language code of Book eng
082 ## - DEWEY DECIMAL CLASSIFICATION NUMBER
Classification number 954.9205
Author mark and Year MAT 2009
100 ## - MAIN ENTRY--PERSONAL NAME
Personal name Matin, Abdul
245 ## - TITLE STATEMENT
Title A Passage to Freedom :
Remainder of title the story of an adventurous escape of a Bengali family from Pakistani captivity /
Statement of responsibility, etc Abdul Matin,
260 ## - PUBLICATION, DISTRIBUTION, ETC. (IMPRINT)
Place of publication, distribution, etc Dhaka :
Name of publisher, distributor, etc Adorn Publication
Date of publication, distribution, etc 2009
300 ## - PHYSICAL DESCRIPTION
Pagination 120 p. :
Dimensions 21 cm.
650 ## - SUBJECT ADDED ENTRY--TOPICAL TERM
Topical term or geographic name as entry element Revolution (1971)
Geographic subdivision Bangladesh
942 ## - ADDED ENTRY ELEMENTS (KOHA)
Source of classification or shelving scheme Dewey Decimal Classification
Koha item type Books
Koha issues (borrowed), all copies 1
Holdings
Source of classification or shelving scheme Damaged status Not for loan Home library Current library Shelving location Date of accession Cost, normal purchase price Total Checkouts Full call number Barcode Date last seen Date checked out Copy number Koha item type
Dewey Decimal Classification     JCC Rouf Library JCC Rouf Library General Stacks 02/06/2018 200.00 1 954.9205 MAT 2009 9605 07/15/2019 07/10/2019 C-1 Books

JCC Library | Contacts | JCC Home

Last Update on 23 September 2017
Copyright @ 2017-2020 JCC Rouf Library
Rouf Library, Jhenidah Cadet College (JCC), Bangladesh